Gabler Lexikon Material Wirtschaft und Einkauf

Salvato in:
Dettagli Bibliografici
Autore principale: Bär, Albert
Natura: Libro
Lingua:tedesco
Pubblicazione: Wiesbaden Gabler 1983
Edizione:1. Aufl.
Soggetti:
Tags: Aggiungi Tag
Nessun Tag, puoi essere il primo ad aggiungerne!!

MARC

LEADER 00000nam a2200000 4500
001 c000225
005 20230227124256.5
020 |a 3-409-99191-3 
041 0 |a ger 
044 |a DE 
245 1 0 |a Gabler Lexikon Material Wirtschaft und Einkauf  |c Albert Bär 
250 |a 1. Aufl. 
264 1 |a Wiesbaden  |b Gabler  |c 1983 
300 |a 280 s. 
610 2 0 |a zásobovanie 
610 2 0 |a hospodárstvo skladové 
610 2 0 |a podnik 
610 2 0 |a nákup 
100 1 |a Bär, Albert